Auld Lang Syne Lyrics - Statistics

General Stats
  • This quiz has been taken 96 times
  • The average score is 24 of 48
Answer Stats
Lyrics % Correct
Should auld acquaintance {be} {forgot},
99%
Should auld acquaintance {be} {forgot},
99%
Should old acquaintance {be} {forgot},
99%
Should old acquaintance {be} {forgot},
99%
and {auld} {lang} {syne}?
85%
and {auld} {lang} {syne}?
85%
for {auld} {lang} {syne},
85%
for {auld} {lang} {syne}.
85%
for {auld} {lang} {syne}.
85%
for {auld} {lang} {syne}.
85%
for {auld} {lang} {syne},
85%
for {auld} {lang} {syne}.
85%
for {auld} {lang} {syne}.
85%
for {auld} {lang} {syne}.
85%
For auld lang syne, {my} {dear},
80%
For auld lang syne, {my} {jo},
80%
And we'll tak' a {cup} {o'} {kindness} yet,
73%
And we'll take a {cup} {of} {kindness} yet,
73%
we'll tak' a {cup} {o'} {kindness} yet,
73%
we'll take a {cup} {of} {kindness} yet,
73%
and never {brought} {to} {mind}?
69%
and never {brought} {to} {mind}?
69%
and surely I'll be {mine}!
44%
and surely I'll buy {mine}!
44%
and gie's a hand o' {thine}!
28%
And give me a hand o' {thine}!
28%
We twa hae paidl'd in the {burn},
24%
We two have paddled in the {stream},
24%
and picked the {daisies} fine;
23%
and pou'd the {gowans} fine;
23%
And there's a hand, my {trusty} {fiere}!
21%
And there's a hand my {trusty} {friend}!
21%
And surely ye'll be your {pint}-{stoup}!
19%
And surely you'll buy your {pint} {cup}!
19%
frae {morning} {sun} till dine;
19%
from {morning} {sun} till dine;
19%
{sin'} auld lang syne.
19%
{sin'} auld lang syne.
19%
{since} auld lang syne.
19%
{since} auld lang syne.
19%
We twa hae run {about} {the} {braes},
15%
We two have run {about} {the} {hills},
15%
But seas between us {braid} {hae} {roar'd}
13%
But seas between us {broad} {have} {roared}
13%
But we've wander'd mony a {weary} {fit},
13%
But we've wandered many a {weary} {foot},
13%
And we'll tak' a right {gude}-{willie} {waught},
5%
And we'll take a right {good}-{will} {draught},
5%
No matching quizzes found
Score Distribution
Percent of People with Each Score
Percentile by Number Answered
Your Score History
You have not taken this quiz